Denník grófa Jozefa Zičiho z cesty po východnej Ázii v rokoch 1875-1876

Bibliographic Details
Main Author: Ziči, Jozef, 1841-1924 (Author)
Other Authors: Potoková, Katarína (Translator), Malacký, Miroslav (Photographer)
Format: Book
Language:Slovak
PhysicalDescription:255 s., [1] s. mp. príl. fotogr., ilustr., mp., tab. 25 cm
Published: Trnava [Západoslovenské múzeum] 2006
ISBN:8085556170
Edition:[1. vyd.]
Subjects:

MARC

LEADER 00000nam a2200000 a 4500
001 vtls008989154
003 SK-MaSNL
005 20260426002219.0
008 240314s2006 xo oal g 001 1bslo
015 |a SNBA2007/07-02860 
020 |a 8085556170  |q (brož.)  |z 805556170 
035 |a E25628DA-4933-4357-BAC0-4621D9534F2A 
035 |a urn:nbn:sk:snk-amlejf 
035 |a urn:nbn:sk:snk-am008yif 
040 |a SNK  |b slo  |c SNK  |e AACR2 
041 0 |a slo  |b eng 
043 |a e-xo--- 
044 |a xo  |c SK 
072 7 |a 94(5)  |x Dejiny Ázie. Orient  |2 konspekt 
072 7 |a 929  |x Biografie  |2 konspekt 
080 |a 908(5-11)  |2 2001 
080 |a (437.6)  |2 2001 
080 |a (093.3)  |2 2001 
080 |a (0:82-992)  |2 2001 
080 |a 929.7  |2 2001 
100 1 |a Ziči, Jozef,  |d 1841-1924  |4 aut  |9 102832 
245 1 0 |a Denník grófa Jozefa Zičiho z cesty po východnej Ázii v rokoch 1875-1876  |c [preklad: Katarína Potoková ; fotografie: Miroslav Malacký] 
250 |a [1. vyd.] 
260 |a Trnava  |b [Západoslovenské múzeum]  |c 2006 
300 |a 255 s., [1] s. mp. príl.  |b fotogr., ilustr., mp., tab.  |c 25 cm 
366 |e 500 výtl. 
500 |a Vydav. podľa ISBN 
504 |a Bibliogr. s. 234-235. Miest. reg. 
546 |a Res. angl. 
600 1 7 |a Ziči, Jozef,  |d 1841-1924  |2 SNKMA  |9 102832 
650 0 7 |a šľachta  |2 SNKPH  |9 28113 
651 7 |a Ázia východná  |2 SNKPHgeo  |9 52028 
651 7 |a Slovensko  |2 SNKPHgeo  |9 14231 
655 7 |a denníky  |2 SNKPH  |9 70534 
655 7 |a cestopisy  |2 SNKPH  |9 70220 
700 1 |a Potoková, Katarína  |4 trl  |9 416303 
700 1 |a Malacký, Miroslav  |4 pht  |9 45499 
919 |a 80-85556-17-0 
958 |a NB 
958 |a OND 
968 |d 90 
999 |c 913035  |d 914965 
952 |a SNK  |b SNK  |y PREZ  |7 0  |p 17A0551950  |o snkSC 127909  |i snk2007/12615  |8 0  |0 0  |1 0  |4 0  |d 2007-05-15  |f 1  |l 0  |r 2025-06-17 00:00:00  |w 2026-02-24 
952 |a SNK  |b SNK  |y VYP  |7 0  |p 17A0551949  |o snkSC 127909 D1  |i snk2007/12616  |8 0  |0 0  |1 0  |4 0  |d 2007-05-15  |l 0  |r 2026-02-24 07:49:42  |w 2026-02-24